Historický vývoj environmentálnej politiky Európskej únie a Slovenskej republiky

Európska únia prostredníctvom svojej legislatívy sa snaží presadiť efektívnejšie využívanie zdrojov, ktoré majú menší vplyv na znečisťovanie environmentálneho prostredia. Ide najmä o obnoviteľné zdroje energií, snahu o zníženie klimatických zmien (zníženie skleníkových plynov) a podporu vedy a výsku...

ver descrição completa

Na minha lista:
Detalhes bibliográficos
Autor principal: Melich, Pavel
Formato: Capítulo de Livro
Idioma:eslovaco
Assuntos:
Tags: Adicionar Tag
Sem tags, seja o primeiro a adicionar uma tag!

MARC

LEADER 00000nla a2200000 4500
001 0240224
005 20240502073911.6
041 0 |a slo 
044 |a SK 
245 1 0 |a Historický vývoj environmentálnej politiky Európskej únie a Slovenskej republiky  |c Pavel Melich 
520 |a Európska únia prostredníctvom svojej legislatívy sa snaží presadiť efektívnejšie využívanie zdrojov, ktoré majú menší vplyv na znečisťovanie environmentálneho prostredia. Ide najmä o obnoviteľné zdroje energií, snahu o zníženie klimatických zmien (zníženie skleníkových plynov) a podporu vedy a výskumu v danej oblasti. 
610 2 0 |a prostredie životné 
610 2 0 |a environmentalistika 
610 2 0 |a zdroje prírodné 
610 2 0 |a efekt skleníkový 
610 2 0 |a zmeny klimatické 
610 2 0 |a Európska únia 
610 2 0 |a legislatíva 
610 2 0 |a vývoj 
100 1 |a Melich, Pavel